Normal view
MARC view
Entry Personal Name
001 - CONTROL NUMBER
- control field: 7811
003 - CONTROL NUMBER IDENTIFIER
- control field: OSt
005 - DATE AND TIME OF LATEST TRANSACTION
- control field: 20190807094507.0
008 - FIXED-LENGTH DATA ELEMENTS
- fixed length control field: 190807|| aca||aabn | a|a d
040 ## - CATALOGING SOURCE
- Original cataloging agency: OSt
- Transcribing agency: OSt
100 ## - HEADING--PERSONAL NAME
- Personal name: Klenk, Tanja
670 ## - SOURCE DATA FOUND
- Source citation: Work cat.: (OSt): Klenk, Tanja, Post-new public management: reform ideas and their application in the field of social services, 2019
